Hesiods Erga in ihrem Verhältnis zur Ilias /

Guardado en:
Autor Principal: Munding, Heinz.
Formato: Libro
Idioma:German
Publicado: Frankfurt : Vittorio Klostermann, 1959.
Etiquetas: Agregar Etiqueta
Sin Etiquetas, Sea el primero en etiquetar este registro!
LEADER 00454nam a22001455a 4500
001 EHU.bham049921
003 AR-BHAM
005 20050623122921.0
008 041125s1959####gw############000#0#ger#d
082 0 4 |a 883.07 
100 1 |a Munding, Heinz. 
245 1 0 |a Hesiods Erga in ihrem Verhältnis zur Ilias /  |c Heinz Munding. 
260 |a Frankfurt :  |b Vittorio Klostermann,  |c 1959. 
300 |a 179 p. 
859 |a AR-BHAM  |b BIB. HUMANIDADES - Seccion BC  |h 883.07  |i M923  |p BC2378/964  |v BC